00725cam a22002291 4500001001300000003000400013005001700017008004100034010001700075035001900092040004000111042001200151050001500163100006400178245006000242260004700302300003500349440005200384504003200436650001000468999001700478gs 11000319 DLC20260227111311.0750519s1911 enka b 000 0 eng c ags 11000319  a(OCoLC)1343601 aU. S. Geol. survey.cOTdOCoLCdDLC apremarc00aTN800b.A71 aArber, E. A. Newellq(Edward Alexander Newell),d1870-1918.14aThe natural history of coal,cby E. A. Newell Arber ... aCambridge [Eng.]bUniversity press,c1911. ax, 163, [1] p.billus.c17 cm. 4aThe Cambridge manuals of science and literature aBibliography: p. [153]-156. 0aCoal. c25033d25033